000 00437nam a2200181Ia 4500
001 4771
005 20260306145819.0
008 260306t2007||||xx |||||||||||||| ||spa||
041 _aESP
082 _a330.017
_bG25
100 _aHausman, Daniel M.
_eAUT
245 0 _aEl análisis económico y la filosofía moral
260 _c2007
300 _a398 páginas :
_ccm.
650 _aGEN
654 _aCAN
942 _cLIB
_dJUS
_fJUS
_2ddc
_n
999 _c4771
_d4771